000 00676nam a2200205 a 4500
005 20240611063654.0
008 991125s1895 ea 000 0 eng u
035 _aUPN01000004381
049 _aLT
050 4 _aLB1589 E6
_bA75
245 0 0 _aArithmetic by grades :
_bfor inductive teaching, drilling and yesting /
_cdir. John T. Prince.
260 _aBoston, E.U.A. :
_bGinn,
_c1895.
300 _av, 90 p.
440 0 _aInductive ;
_vbook 5
500 _aDisponible en la Colección Medina
650 4 _aAritmética
_xEstudio y enseñanza (Elemental)
_95289
650 4 _aAritmética
_vProblemas, ejercicios, etc.
_97854
700 1 _aPrince, John T.,
_edir.
905 _aLibro
999 _c4381
_d4381